Loading...
| Fine Arts - Classical Music | 3 | 3.33 | 33% | 0% | 0% |
| Fine Arts - Other Fine Arts | 1 | 0.00 | 0% | 0% | 0% |
| Fine Arts - Painting and Sculpture | 1 | 0.00 | 0% | 0% | 0% |
| Geography | 1 | 10.00 | 100% | 0% | 0% |
| History - American History | 2 | 15.00 | 100% | 50% | 0% |
| History - European History | 1 | 20.00 | 100% | 100% | 0% |
| History - Other History | 4 | 15.00 | 100% | 50% | 0% |
| History - World History | 1 | 10.00 | 100% | 0% | 0% |
| Literature - American Literature | 1 | 10.00 | 100% | 0% | 0% |
| Literature - British Literature | 2 | 5.00 | 50% | 0% | 0% |
| Literature - European Literature | 3 | 6.67 | 33% | 33% | 0% |
| Literature - World Literature | 4 | 0.00 | 0% | 0% | 0% |
| Mythology | 2 | 20.00 | 100% | 100% | 0% |
| Other Academic | 1 | 20.00 | 100% | 100% | 0% |
| Philosophy | 1 | 10.00 | 100% | 0% | 0% |
| Religion | 4 | 12.50 | 100% | 25% | 0% |
| Science - Biology | 5 | 6.00 | 40% | 20% | 0% |
| Science - Chemistry | 2 | 10.00 | 100% | 0% | 0% |
| Science - Other Science | 1 | 10.00 | 100% | 0% | 0% |
| Science - Physics | 3 | 0.00 | 0% | 0% | 0% |
| Social Science | 4 | 10.00 | 75% | 25% | 0% |